Felix de les maravelles del mon / (Record no. 123695)

MARC details
000 -LEADER
campo de control de longitud fija 01059nam a2200265 i 4500
001 - NÚMERO DE CONTROL
campo de control 123695
003 - IDENTIFICADOR DE NÚMERO DE CONTROL
campo de control ES-MaACL
005 - FECHA Y HORA DE LA ÚLTIMA TRANSACCIÓN
campo de control 20251219203804.0
007 - CAMPO FIJO DE DESCRIPCIÓN FÍSICA--INFORMACIÓN GENERAL
campo de control de longitud fija t|
008 - DATOS DE LONGITUD FIJA--INFORMACIÓN GENERAL
campo de control de longitud fija 070214s1903 sp |||| | spa d
100 0# - ENTRADA PRINCIPAL--NOMBRE DE PERSONA
Nombre de persona Ramón Llull,
Títulos y otros términos asociados al nombre Beato,
Fechas asociadas al nombre ca. 1232-1316?
9 (RLIN) 95219
245 10 - MENCIÓN DEL TÍTULO
Título Felix de les maravelles del mon /
Mención de responsabilidad, etc. texto original publicado e ilustrado con notas y variantes por Jerónimo Rosselló ; y un proemio bibliografico por M. Obrador y Benassar.
260 ## - PUBLICACIÓN, DISTRIBUCIÓN, ETC.
Lugar de publicación, distribución, etc. Palma de Mallorca :
Nombre del editor, distribuidor, etc. [s. n.],
Fecha de publicación, distribución, etc. 1903.
300 ## - DESCRIPCIÓN FÍSICA
Extensión 2 t. en 1 v. ;
Dimensiones 24 x 16 cm.
490 1# - MENCIÓN DE SERIE
Mención de serie Obras de Ramón Lull ;
Designación de volumen o secuencia 3-4
500 ## - NOTA GENERAL
Nota general Texto en catalán, introducción y notas en castellano.
530 ## - NOTA DISPONIBLE DE FORMULARIO FÍSICO ADICIONAL
Nota de formato físico adicional disponible Disponible en formato digital.
700 1# - ENTRADA AGREGADA--NOMBRE PERSONAL
Nombre de persona Rosselló, Geróni,
Fechas asociadas al nombre 1827-1902
9 (RLIN) 99842
700 1# - ENTRADA AGREGADA--NOMBRE PERSONAL
Nombre de persona Obrador, Mateu.
9 (RLIN) 140298
830 0# - PUNTO DE ACCESO ADICIONAL DE SERIE-TÍTULO UNIFORME
Título uniforme Obras de Ramón Lull ;
Designación de volumen o secuencia 3-4
9 (RLIN) 218958
852 ## - LOCALIZACIÓN
Ubicación ES-MaACL
Número de control de estantería F-986
Ubicación en estantería Depósito 2
856 4# - LOCALIZACIÓN Y ACCESO ELECTRÓNICOS
Identificador Uniforme de Recursos <a href="https://archive.org/details/obrasderamnlull00rossgoog/page/n10 ">https://archive.org/details/obrasderamnlull00rossgoog/page/n10 </a>
Texto de enlace (Internet Archive)
942 ## - ELEMENTOS DE ENTRADA SECUNDARIOS (KOHA)
Fuente del sistema de clasificación o colocación Clasificación decimal universal
Holdings
Estatus retirado Estado de pérdida Estado de daño No para préstamo Colección Biblioteca de origen Biblioteca actual Ubicación en estantería Fecha de adquisición Fuente de adquisición Total de préstamos Signatura topográfica completa Código de barras Visto por última vez Precio de reemplazo Tipo de ítem Koha
        Colección digital Biblioteca del Ateneo de Madrid Biblioteca del Ateneo de Madrid Depósito 2 17/01/2008     F-986 1128876 23/02/2023 23/02/2023 Libro impreso